LEADER 01569 am 22004933u 450 001 9910245738403321 005 20211214053001.0 035 $a(CKB)3710000000929271 035 $a(Au-PeEL)EBL4659179 035 $a(CaPaEBR)ebr11294775 035 $a(CaONFJC)MIL968699 035 $a(OCoLC)962453381 035 $a(MiAaPQ)EBC4659179 035 $a(EXLCZ)993710000000929271 100 $a20161114h20162016 uy 0 101 0 $aeng 135 $aurcnu|||||||| 181 $2rdacontent 182 $2rdamedia 183 $2rdacarrier 200 10$aManual on the human rights to safe drinking water and sanitation for water and sanitation practitioners /$fRobert Bos ; contributor, David Alves [and five others] 210 1$aLondon, England :$cIWA Publishing,$d2016. 210 4$dİ2016 215 $a1 online resource (120 pages) $cillustrations (some color), photographs 311 $a1-78040-743-2 311 $a1-78040-744-0 320 $aIncludes bibliographical references. 606 $aRight to water 606 $aDrinking water 606 $aHuman rights 608 $aElectronic books. 615 0$aRight to water. 615 0$aDrinking water. 615 0$aHuman rights. 676 $a346.0432 700 $aBos$b Robert$0871444 702 $aAlves$b David 801 0$bMiAaPQ 801 1$bMiAaPQ 801 2$bMiAaPQ 906 $aBOOK 912 $a9910245738403321 996 $aManual on the human rights to safe drinking water and sanitation for water and sanitation practitioners$91962156 997 $aUNINA LEADER 00954nam0 22002771i 450 001 UON00347640 005 20231205104327.374 010 $a03-332-8916-1 100 $a20091125d1982 |0itac50 ba 101 $aeng 102 $aGB 105 $a|||| 1|||| 200 1 $aHarold Pinter$fBernard F. Dukore 210 $aLondon$cMacmillan$d1982 215 $ax, 139 p.$d19 cm. 606 $aPINTER HAROLD$3UONC051480$2FI 620 $aGB$dLondon$3UONL003044 676 $a824$cLetteratura inglese. Saggi$v21 700 1$aDUKORE$bBernard F.$3UONV194070$0193546 712 $aMacmillan$3UONV276620$4650 801 $aIT$bSOL$c20240220$gRICA 899 $aSIBA - SISTEMA BIBLIOTECARIO DI ATENEO$2UONSI 912 $aUON00347640 950 $aSIBA - SISTEMA BIBLIOTECARIO DI ATENEO$dSI Angl VI B PIN DUK $eSI LO 20383 5 996 $aHarold Pinter$91359510 997 $aUNIOR